| 000 | 00472nam a2200181Ia 4500 | ||
|---|---|---|---|
| 008 | 120910t2003 xxu||||| |||| 00| 0 sin d | ||
| 041 | _asin | ||
| 080 |
_a8 - 31 (eng) _bGRA |
||
| 100 | _aGrass,Gunther | ||
| 245 | _aපූසා සහ මීයා | ||
| 246 | _aPusa Saha Meeya | ||
| 260 |
_aWijesooriya _aMulleriyawa _c2003 |
||
| 300 | _b200p, 21 cm | ||
| 700 |
_aWijesinghe,W. S. _etr. |
||
| 942 | _cBK | ||
| 999 |
_c40720 _d40720 |
||
| 003 | LK-CoDNM | ||
| 040 |
_aLK-CoDNM _dLK-CoDNM _eLK-CoDNM |
||